The management of everyday life (Record no. 58103)

MARC details
000 -LEADER
fixed length control field 00661nam a2200217Ia 4500
008 - FIXED-LENGTH DATA ELEMENTS--GENERAL INFORMATION
fixed length control field 191130s2009##################000#0#eng##
020 ## - INTERNATIONAL STANDARD BOOK NUMBER
ISBN 9780230524798
082 ## - DEWEY DECIMAL CLASSIFICATION NUMBER
Classification number 658 HAN
245 ## - TITLE STATEMENT
Title The management of everyday life
Statement of responsibility, etc edited by Philip Hancock, Melissa Tyler
260 ## - PUBLICATION, DISTRIBUTION, ETC. (IMPRINT)
Place of publication Basingstoke, Hampshire
Name of publisher Palgrave Macmillan
Year of publication 2009
300 ## - PHYSICAL DESCRIPTION
Number of Pages xix, 227 p. : ill. ; 23 cm.
500 ## - GENERAL NOTE
General note Includes bibliographical references and indexes
650 ## - SUBJECT ADDED ENTRY--TOPICAL TERM
Topical Term Management
700 ## - ADDED ENTRY--PERSONAL NAME
Personal name Hancock, Philip
Personal name Tyler, Melissa
991 ## -
-- 179854
Holdings
Withdrawn status Lost status Damaged status Not for loan Home library Current library Shelving location Date acquired Full call number Accession Number Price effective from Koha item type
        Anna Centenary Library Anna Centenary Library 6TH FLOOR, A WING 09.10.2020 658 HAN 305979 09.10.2020 English Books

Find us on the map